000 00569nam a22001577a 4500
003 NUST
038 _aNusrat Nadeem
082 _a200
100 _aZaheer, Shireen
_9133134
245 _aEvaluating the Impact of Air Pollution on Income Inequality in Asia: The Role of Government through Public Health Policy/
_cShireen Zaheer,
264 _aIslamabad:
_bS3H NUST.
_c2025.
650 _aMS- Government and Public Policy
_9125323
700 _aSupervisor: Dr. Uzair Hashmi
_9125689
856 _uhttp://10.250.8.41:8080/xmlui/handle/123456789/57307
942 _2ddc
_cSC
999 _c616143
_d616143